| 000 | 00689nam a22002050 4500 | ||
|---|---|---|---|
| 001 | ocn9710800612 | ||
| 003 | PILC | ||
| 005 | 20150924080139.0 | ||
| 008 | /0/2 | ||
| 020 | _a9710800612 | ||
| 050 |
_aQK 47 _b.B776 1982 |
||
| 100 | 1 |
_aWeier, Thomas Elliot, _d1903- |
|
| 245 | 1 | 0 |
_aBotany : _ban introduction to plant biology / _cT. Elliot Weier, C. Ralph Stocking, Michael G. Barbour, Thomas L. Rost. |
| 250 | _a6th edition. | ||
| 260 |
_aManila : _bNational Book Store, _c1982. |
||
| 300 |
_aviii, 720 pages : _billustrations ; _c26 cm. |
||
| 500 | _aReprint. Originally published: New York : Wiley, 1982. | ||
| 650 | _aBotany. | ||
| 942 |
_2lcc _cBK _kFOR |
||
| 999 |
_c288731 _d288731 |
||